书目信息 |
| 题名: |
海洋土木工程概论
|
|
| 作者: | 龚晓南 主编 | |
| 分册: | ||
| 出版信息: | 北京 中国建筑工业出版社 2018.01 |
|
| 页数: | 10, 442页 | |
| 开本: | 26cm | |
| 丛书名: | ||
| 单 册: | ||
| 中图分类: | P754 | |
| 科图分类: | ||
| 主题词: | 海洋建筑物--hai yang jian zhu wu--土木工程--概论 | |
| 电子资源: | ||
| ISBN: | 978-7-112-20954-5 | |
| 000 | 00965nam0 2200253 450 | |
| 001 | 0100002190 | |
| 005 | 20190305085549.87 | |
| 010 | @a978-7-112-20954-5@dCNY69.00 | |
| 100 | @a20180312d2018 em y0chiy50 ea | |
| 101 | 0 | @achi |
| 102 | @aCN@b110000 | |
| 105 | @aak a 000yy | |
| 200 | 1 | @a海洋土木工程概论@Ahai yang tu mu gong cheng gai lun@f龚晓南主编 |
| 210 | @a北京@c中国建筑工业出版社@d2018.01 | |
| 215 | @a10, 442页@c图@d26cm | |
| 312 | @a英文题名取自封面 | |
| 320 | @a有书目 | |
| 330 | @a本书较系统介绍海洋土木工程的相关理论和实践知识, 主要内容包括: 概述、海洋工程勘察、海洋工程环境与荷载、海洋工程规划、海洋结构工程、海洋岩土工程、结构、波浪与海床共同作用分析、海洋土木工程材料与防腐等。 | |
| 510 | 1 | @aIntroduction to offshore civil engineering@zeng |
| 606 | 0 | @a海洋建筑物@Ahai yang jian zhu wu@x土木工程@x概论 |
| 690 | @aP754@v5 | |
| 701 | 0 | @a龚晓南@Agong xiao nan@4主编 |
| 801 | 0 | @aCN@c20180910 |
| 905 | @a河南城建学院图书馆@dP754@eG393 | |
| 海洋土木工程概论/龚晓南主编.-北京:中国建筑工业出版社,2018.01 |
| 10, 442页:图;26cm |
| ISBN 978-7-112-20954-5:CNY69.00 |
| 本书较系统介绍海洋土木工程的相关理论和实践知识, 主要内容包括: 概述、海洋工程勘察、海洋工程环境与荷载、海洋工程规划、海洋结构工程、海洋岩土工程、结构、波浪与海床共同作用分析、海洋土木工程材料与防腐等。 |
| ● |
| 相关链接 |
|
|
|
正题名:海洋土木工程概论
索取号:P754/G393
 
预约/预借
| 序号 | 登录号 | 条形码 | 馆藏地/架位号 | 状态 | 备注 |
| 1 | 1304287 | 213042875 | 期刊室512/401自科库 130排2列5层/ [索取号:P754/G393] | 在馆 | |
| 2 | 1386398 | 213863988 | 期刊室512/401自科库 130排2列5层/ [索取号:P754/G393] | 在馆 | |
| 3 | 1386399 | 213863997 | 自科库401/401自科库 134排2列5层/ [索取号:P754/G393] | 在馆 |